[Event "MCR mladeze 2019 - H10"]
[Site "Kouty nad Desnou"]
[Date "2019.03.15"]
[Round "8"]
[White "Juhanak, Daniel"]
[Black "Zemek, Antonin"]
[Result "1-0"]
[WhiteElo "1586"]
[BlackElo "1177"]
[EventDate "2019.03.09"]

1. d4  d5  2. Nf3 Nf6  3. g3
Bf5  4. c4  c6
5. Bg2  dxc4  6. O-O  e6
7. Nbd2  Be7  8. Nxc4
O-O  9. Qb3  Qc8
10. Bf4  Nbd7  11. Rac1
Nd5  12. Bd6  Bg6
13. Bxe7  Nxe7  14. Nd6
Qc7  15. Nxb7  Rab8
16. Qa3  Rxb7  17. Qxe7
Rxb2  18. Ne5  Rb7
19. Rxc6  Qd8  20. Qxd8
Rxd8  21. Rd6  Rb2
22. e3  Rxa2  23. Rxd7
Rb8  24. Nc6  Re8
25. Rxa7  Rb2  26. Ne7+
Kf8  27. Nxg6+  hxg6
28. Ra8  Rxa8  29. Bxa8
Ke7  30. Be4  Kf6
31. Rb1  Ra2  32. Rb7
g5  33. d5  Ke5
34. dxe6  Kxe4  35. exf7  Kf3
36. f8=Q+  Kg4  37. Rb4+
Kh5  38. Qf7+  Kh6
39. Rb6+  Kh7  40. Qg6+
Kg8  41. Rb8#  1-0

[Event "MCR mladeze 2019 - H10"]
[Site "Kouty nad Desnou"]
[Date "2019.03.15"]
[Round "8"]
[White "Veverka, Vladimir"]
[Black "Setina, Vaclav"]
[Result "0-1"]
[WhiteElo "1347"]
[BlackElo "1388"]
[EventDate "2019.03.09"]

1. d4  Nf6  2. c4  e6
3. Nc3  Bb4  4. Bd2
Bxc3  5. Bxc3  b6
6. Nf3  Bb7  7. e3
O-O  8. Be2  d6
9. O-O  Nbd7  10. b3  Qe7
11. Qc2  e5  12. dxe5
Nxe5  13. Qb2  Nfd7
14. Nxe5  Nxe5  15. Bxe5
Qxe5  16. Qxe5  dxe5
17. Bf3  Bxf3  18. gxf3
Rad8  19. Rad1  c5
20. Rfe1  Rfe8  21. Kf1
f5  22. Ke2  f4
23. Rxd8  Rxd8  24. Rd1  Rxd1
25. Kxd1  Kf7  26. Kd2
Kf6  27. Kd3  Kf5
28. a3  a5  29. a4
g5  30. h3  h6
31. e4+  Kg6  32. Ke2  Kh5
33. Kf1  Kh4  34. Kg2
h5  35. Kh2  g4
36. Kg2  g3  37. fxg3+  fxg3
38. f4  exf4  39. e5
f3+  40. Kxf3  Kxh3
41. e6  g2  42. e7
g1=Q 43. e8=Q  Qf1+  0-1

[Event "MCR mladeze 2019 - H10"]
[Site "Kouty nad Desnou"]
[Date "2019.03.15"]
[Round "8"]
[White "Zelba, Lukas"]
[Black "Finek, Vaclav"]
[Result "0-1"]
[WhiteElo "1218"]
[BlackElo "1903"]
[EventDate "2019.03.09"]

1. e4 c5  2. c3  d6  3. d4
Nf6  4. dxc5  Nc6
5. cxd6  Nxe4  6. dxe7
Qxd1+  7. Kxd1  Nxf2+
8. Ke1  Nxh1  9. exf8=Q+
Rxf8  10. g3  Bg4
11. Bg2  O-O-O  12. Bd2
Rfe8+  13. Kf1  Ne5
14. Bxh1  Nc4  15. Bf3
Bf5  16. Bf4  Ne3+
17. Bxe3  Rxe3  18. Kf2
Re5  19. Be2  Bd3
20. c4  Bxe2  21. Nxe2
Rd1  22. b3  Rf5+
23. Ke3  Rff1  24. Nec3
Rc1  25. Kd2  Rh1
26. a4  Rcg1  27. Ra3
Rxh2+  28. Kd3  Rxg3+
29. Kd4  Rhh3  30. b4
Rd3+  31. Kc5  Rh5+
32. Nd5  Rxa3  33. Nxa3
Re5  34. a5  h5
35. Nb5  Kb8  36. Kd4  f6
37. Nd6  h4  38. c5
h3  39. b5  h2
40. c6  Rxd5+  41. Kxd5 h1=Q+ 42. Kd4 0-1

[Event "MCR mladeze 2019 - H10"]
[Site "Kouty nad Desnou"]
[Date "2019.03.15"]
[Round "8"]
[White "Gorej, Vojtech"]
[Black "Siles, Jan"]
[Result "1-0"]
[WhiteElo "1346"]
[BlackElo "1241"]
[EventDate "2019.03.09"]

1. e4  c5  2. Nf3  Nc6
3. c3 e6  4. d4  d5
5. exd5  exd5  6. Be3
c4  7. Be2  Nf6
8. O-O  Bd6  9. Nbd2  Qc7
10. h3  h6  11. Re1
O-O  12. b3  b5
13. a4  cxb3  14. axb5  b2
15. Rb1  Ne7  16. Rxb2
Qxc3  17. Qa1  Qc7
18. b6  Qd7  19. Bb5
Qb7  20. bxa7  Qxa7
21. Qxa7  Rxa7  22. Ne5
Nf5  23. Ndf3  Rb7
24. Reb1  Nxe3  25. fxe3
Bxe5  26. Nxe5  Bf5
27. Bd3  Rxb2  28. Rxb2
Bxd3  29. Nxd3  Re8
30. Ne5  Rc8  31. Kf2
Ne4+  32. Kf3  f6
33. Ng6  Kf7  34. Nf4
Ng5+  35. Ke2  Rd8
36. Rb7+  Kg8  37. h4
Ne4  38. Ne6  Re8
39. Nxg7  Nd6  40. Rd7
Nb5  41. Nh5  Re6 42. Nf4
Re8  43. Nxd5  Rf8
44. g4  Rf7  45. Rxf7
Kxf7  46. Kd3  Ke6
47. Nc3  Nd6  48. e4
Nf7  49. Nd5  Nd8
50. Ne3  Nf7  51. Nf5
Kd7  52. Ke3  Ke6
53. Kf4  Kd7  54. Ng3
Nd6  55. Nh5  Ne8
56. e5  fxe5+  57. Kxe5
Ke7  58. Ng3  Nc7
59. Nf5+  1-0

[Event "MCR mladeze 2019 - H10"]
[Site "Kouty nad Desnou"]
[Date "2019.03.15"]
[Round "8"]
[White "Garabik, Marek"]
[Black "Babula, Matej"]
[Result "1/2-1/2"]
[WhiteElo "1355"]
[BlackElo "1188"]
[EventDate "2019.03.09"]

1. e4  e5  2. Nf3 Nc6 3. d4  exd4
4. Nxd4  Bc5  5. Nxc6
Qf6  6. Qf3  Qxf3
7. gxf3  dxc6  8. Be3
Bb6  9. Nc3  Nf6
10. Rg1  Bxe3  11. fxe3
g6  12. O-O-O  Be6
13. Kb1  Ke7  14. Rd2
Rad8  15. Bd3  c5
16. Rgd1  c6  17. e5
Nd5  18. Nxd5+  Rxd5
19. f4  Rhd8  20. Kc1
c4  21. Be2  b5
22. e4  R5d7  23. Rxd7+  Rxd7
24. Rxd7+  Kxd7  25. b3
cxb3  26. axb3  b4
27. Bd3  c5  28. f5
gxf5  29. exf5  Bd5
30. Kd2  Ke7  31. Ke3
f6  32. e6  Bc6
33. Kd2  a5  34. c3  Bf3
35. cxb4  axb4  36. Ke3
Bd5  37. Bc2  c4
38. bxc4  Bxc4  39. Bb1
Bxe6  40. fxe6  Kxe6
41. Bxh7  Kf7  42. Kf4
Kg7  43. Bf5  b3
44. h4  b2  45. Bb1
f5  46. Bxf5  b1=Q
47. Bxb1  Kh8  48. Kg5
Kg7  49. Ba2  Kh8
50. h5  Kh7  51. Bb3
Kh8  52. Bf7  Kh7
53. Kf6  Kh8  54. Be8
Kh7  55. Kf7  Kh8
56. Kg6  1/2-1/2

[Event "MCR mladeze 2019 - H10"]
[Site "Kouty nad Desnou"]
[Date "2019.03.15"]
[Round "8"]
[White "Zrubek, Dan"]
[Black "Novotny, Petr"]
[Result "1/2-1/2"]
[WhiteElo "1115"]
[BlackElo "1026"]
[EventDate "2019.03.09"]

1. e4  d5  2. exd5 Nf6 3. d4
Nxd5  4. c4  Nb6  5. c5
Nd5  6. Bc4  c6
7. Nc3  g6  8. Qb3  Bg7
9. Nf3  O-O  10. Bxd5 cxd5
11. Qxd5  Nc6  12. Be3
Qxd5  13. Nxd5  Rd8
14. Nc7  Rb8  15. O-O-O
a6  16. a3  Bf5
17. b4  Rbc8  18. d5  Ne5
19. Nxe5  Bxe5  20. Nxa6
bxa6  21. Rhe1  Bg7
22. f3  Rb8  23. Bf4 Rbc8
24. Rxe7  Bf6  25. Ra7
Ra8  26. Rxa8 Rxa8  27. c6
Rc8  28. c7 Bd7  29. d6
g5  30. Bg3  h5
31. h3  1/2-1/2

[Event "MCR mladeze 2019 - H12"]
[Site "Kouty nad Desnou"]
[Date "2019.03.15"]
[Round "8"]
[White "Hladky, Tadeas"]
[Black "Janous, Marek"]
[Result "1/2-1/2"]
[WhiteElo "1700"]
[BlackElo "1663"]
[EventDate "2019.03.09"]

1. e4  c5  2. Nc3  Nc6
3. Bb5  Nd4  4. f4
Nxb5  5. Nxb5  a6
6. Nc3  e6  7. Nf3
Ne7  8. d3  Nc6
9. O-O  Be7  10. Qe1  O-O
11. Ne2  Nb4  12. Qd1
d5  13. e5  Nc6 14. c4 dxc4
15. dxc4  b5  16. Qc2
Bb7  17. Be3  Rc8
18. Rad1  Qc7  19. h4
Nb4  20. Qb1  bxc4
21. a3  Nd5  22. Bf2
Bc6  23. Ng5  Bxg5
24. hxg5  Bb5  25. Rfe1
Qa5  26. Rc1  Rfd8
27. Red1  Ba4  28. Be1
Qc7  29. Rd2  Bb3
30. Qe4  Ne7  31. Ng3
Rxd2  32. Bxd2  Qd7
33. Qe2  Qd3  34. Kf2
Rd8  35. Qxd3  Rxd3
36. Ne4  Nf5  37. Bc3
Rd5  38. Nd2  h6
39. gxh6  Nxh6  40. Ne4
Nf5  41. Re1  Bc2
42. Nd2  Bb3  43. Ne4
Nd4  44. Rc1  Nb5
45. Bd2  Rd4  46. Ke3
Rd3+  47. Kf2  Rd5
48. Ke3  Nd4  49. Bc3
Nb5  50. Bd2  Nd4
51. Bc3 1/2-1/2

[Event "MCR mladeze 2019 - H12"]
[Site "Kouty nad Desnou"]
[Date "2019.03.15"]
[Round "8"]
[White "Werner, Hong Quan Dan"]
[Black "Paseka, Matyas"]
[Result "0-1"]
[WhiteElo "1723"]
[BlackElo "1929"]
[EventDate "2019.03.09"]

1. d4  d5  2. Nc3  Bf5
3. Nf3  e6  4. e3
Nf6  5. Bd3  Bg6
6. O-O  c5  7. Re1
Nc6  8. Bb5  Qc7
9. b3  a6  10. Bf1
Nb4  11. Re2  cxd4
12. Qxd4  Nxc2  13. Rxc2
Bxc2  14. Qa4+  Nd7
15. Bb2  Qd6  16. Nb5
Qb8  17. Be5  axb5
18. Qxb5  Bd6  19. Bxg7
Rg8  20. Bb2  Be4
21. Be2  Bxh2+  22. Kf1 0-1

[Event "MCR mladeze 2019 - H12"]
[Site "Kouty nad Desnou"]
[Date "2019.03.15"]
[Round "8"]
[White "Nemec, Jachym"]
[Black "Fizer, Marek"]
[Result "1-0"]
[WhiteElo "1820"]
[BlackElo "1628"]
[EventDate "2019.03.09"]

1. e4  c5  2. Nf3  d6
3. d4  cxd4  4. Nxd4
Nf6  5. Nc3  Nc6
6. Bg5  e6  7. Qd2
a6  8. O-O-O  Bd7
9. f4  b5  10. Bxf6
gxf6  11. Kb1  Qb6
12. Nce2  b4  13. Ng3
h5  14. h4  Qc5
15. Be2  Nxd4  16. Qxd4  Qxd4
17. Rxd4  a5  18. Nxh5
Be7  19. f5  e5
20. Rd2  Bc6  21. Bf3  Rb8
22. g4  a4  23. Rg1
Rd8  24. g5  fxg5
25. hxg5  Rg8  26. f6
Bf8  27. Rgg2  Kd7
28. Kc1  Kc7  29. Kd1
Kb6  30. Ke2  Kc5
31. Ke3  Rxg5  32. Rxg5
Bh6  33. Rdg2  Rg8
34. Ng7  d5  35. exd5
Bxd5  36. Bxd5  Kxd5
37. Kf3  Bxg5  38. Rxg5
Rc8  39. Rg4  Rxc2
40. Rxb4  a3  41. bxa3
Rc3+  42. Kg4  Rxa3
43. Rb7  Rxa2  44. Rxf7
Rf2  45. Kg5  Rg2+
46. Kf5  Rf2+  47. Kg6
Rg2+  48. Kh7  e4
49. Re7  Rf2  50. f7
Kd6  51. Re6+  Kd5
52. Kg8  Kd4  53. f8=Q
Rxf8+  54. Kxf8  Kd3
55. Nf5  1-0

[Event "MCR mladeze 2019 - H12"]
[Site "Kouty nad Desnou"]
[Date "2019.03.15"]
[Round "8"]
[White "Mohapl, Tomas"]
[Black "Lang, Simon"]
[Result "1-0"]
[WhiteElo "1575"]
[BlackElo "1448"]
[EventDate "2019.03.09"]

1. e4  e5  2. Nf3  Nf6
3. Nxe5  d6  4. Nf3
Nxe4  5. Nc3  Nxc3
6. dxc3  Be6  7. Be3
Be7  8. Qd2  Nd7
9. O-O-O  a5  10. Kb1
c6  11. h3  b5
12. g4  b4  13. c4  a4
14. Nd4  Qc7  15. Nxe6
fxe6  16. g5  b3
17. cxb3  axb3  18. axb3
d5  19. Qc3  e5
20. cxd5  c5  21. Qd2  Qa7
22. d6  Bd8  23. Bg2
Qa2+  24. Kc2  Rb8
25. Qd3  Bb6  26. Ra1
c4  27. bxc4  1-0

[Event "MCR mladeze 2019 - H12"]
[Site "Kouty nad Desnou"]
[Date "2019.03.15"]
[Round "8"]
[White "Prazak, Daniel"]
[Black "Smolik, Jachym"]
[Result "1-0"]
[WhiteElo "1547"]
[BlackElo "1698"]
[EventDate "2019.03.09"]

1. d4  Nf6  2. Nf3  g6
3. Nc3  Bg7  4. e4
d6  5. Be3  O-O
6. Qd2  Ng4  7. Bg5  c6
8. h3  Nf6  9. O-O-O
b5  10. e5  b4
11. exf6  bxc3  12. Qxc3  exf6
13. Bf4  Be6  14. Bc4
d5  15. Bd3  Qd7
16. Qd2  a5  17. Bh6
Na6  18. c3  a4
19. h4  c5  20. Bxa6  Rxa6
21. Bxg7  Kxg7  22. dxc5
a3  23. b4  Qb7
24. h5  Raa8  25. hxg6  fxg6
26. Qh6+  Kg8  27. Nd4
Bc8  28. Rde1  Ra7
29. Re2  Qf7  30. Rhe1
g5  31. Nc6  Ba6
32. Re7  Rxe7  33. Rxe7
Qg6  34. Qxg6+  hxg6
35. Nd4  Bc4  36. Kb1
Rc8  37. c6  Kf8
38. Rh7  Kg8  39. Rd7
Bd3+  40. Kc1  Kf8
41. b5  Bc4  42. b6
Bxa2  43. b7  Re8
44. Ne6+  1-0

[Event "MCR mladeze 2019 - H12"]
[Site "Kouty nad Desnou"]
[Date "2019.03.15"]
[Round "8"]
[White "Matusik, Ondrej"]
[Black "Brozka, Karel"]
[Result "0-1"]
[WhiteElo "1417"]
[BlackElo "1863"]
[EventDate "2019.03.09"]

1. e4  c6  2. d4  d5
3. e5  c5  4. Nf3
Nc6  5. c4  e6
6. a3  a5  7. Be3  cxd4
8. Bxd4  Nxd4  9. Qxd4
Ne7  10. Nc3  Nc6
11. Qd2  d4  12. Nb5
Bc5  13. Bd3  Na7
14. Nxa7  Rxa7  15. O-O
a4  16. Rad1  b6
17. Be2  O-O  18. Nxd4
Rd7  19. Nxe6  fxe6
20. Qc2  Rxd1  21. Rxd1
Bxf2+  22. Kh1  Qg5
23. Bd3  g6  24. Qxa4
Bb7  0-1

[Event "MCR mladeze 2019 - H12"]
[Site "Kouty nad Desnou"]
[Date "2019.03.15"]
[Round "8"]
[White "Buchta, Bartolomej"]
[Black "Pressler, Tobias"]
[Result "1/2-1/2"]
[WhiteElo "1648"]
[BlackElo "1509"]
[EventDate "2019.03.09"]

1. e4  c5  2. Nf3  Nc6
3. d4  cxd4  4. Nxd4
g6  5. Nc3  Bg7
6. Be3  Nf6  7. Bc4  Qa5
8. f3  Qb4  9. Bb3
Nxe4  10. a3  Nxc3
11. axb4  Nxd1  12. Rxd1
a6  13. c3  O-O
14. O-O  Nxd4  15. Bxd4  Bxd4+
16. Rxd4  d6  17. Re1
Re8  18. Rf4  Bf5
19. Rd4  Rad8  20. Bd5
Bc8  21. Bc4  e6
22. b5  d5  23. Bf1
axb5  24. Bxb5  Bd7
25. Bxd7  Rxd7  26. c4
Red8  27. Red1  Kf8
28. Kf2  Ke7  29. cxd5
Rxd5  30. Rxd5  Rxd5
31. Rxd5  exd5  32. Ke3
Ke6  33. Kd4  Kd6
34. f4  f6  35. g3
h6  36. h3  Kc6
37. g4  Kd6  38. b3  b6
39. h4  g5  40. hxg5
hxg5  41. f5  Kc6
42. b4  Kd6  43. b5
Ke7  44. Kxd5  Kd7
45. Kc4  Kc8  46. Kd5
Kd7  47. Kc4  Ke7
48. Kd5  1/2-1/2

[Event "MCR mladeze 2019 - H12"]
[Site "Kouty nad Desnou"]
[Date "2019.03.15"]
[Round "8"]
[White "Dolensky, Filip"]
[Black "Tajovsky, Simon"]
[Result "1-0"]
[WhiteElo "1698"]
[BlackElo "1453"]
[EventDate "2019.03.09"]

1. e4  c5  2. Nc3  Nc6
3. Bb5  g6  4. Bxc6
dxc6  5. d3  Bg7
6. f4  Nf6  7. Nf3
O-O  8. O-O  Re8
9. Qe1  e6  10. Kh1
b5  11. Be3  Qe7
12. Ne5  Bb7  13. Qf2
b4  14. Bxc5  Qc7
15. Bxb4  Nd7  16. Nxd7
Qxd7  17. Bc5  Ba6
18. e5  Qb7  19. Ne4
Qd7  20. Bd6  Bb7
21. Kg1  Kh8  22. Qh4
Kg8  23. g4  Red8
24. Rf3  Qe8  25. Rh3
Rxd6  26. Nxd6  Qd7
27. Qxh7+  Kf8  28. Qh4
a5  29. Qf2  Kg8
30. Qb6  Ba6 31. Rg3  Kf8
32. Rf1  Kg8  33. h4
Kh8  34. Rf2  Kg8
35. h5  g5  36. Qd4
Kh8  37. fxg5  Rf8
38. h6  Kg8  39. hxg7
Kxg7  40. Qf4  Qe7
41. Qf6+  1-0

[Event "MCR mladeze 2019 - H12"]
[Site "Kouty nad Desnou"]
[Date "2019.03.15"]
[Round "8"]
[White "Vasinek, Martin"]
[Black "Kubin, Tomas Daniel"]
[Result "1-0"]
[WhiteElo "1406"]
[BlackElo "1415"]
[EventDate "2019.03.09"]

1. d4  d5  2. c4  e6
3. Nf3  Nf6  4. e3
Be7  5. Nbd2  O-O
6. Bd3  dxc4  7. Nxc4
a6  8. O-O  b5
9. Nce5  c5  10. dxc5  Bxc5
11. b3  Qb6  12. Bb2
h6  13. Rc1  Bb7
14. Qe2  Nc6  15. Nxc6
Bxc6  16. Bxf6  gxf6
17. Nh4  f5  18. Qh5
Rfd8  19. Bb1  Bf8
20. Ng6  Kh7  21. Nf4
Be4  22. Qxf7+  Bg7
23. Rc7  Rg8  24. Bxe4
fxe4  25. Qg6+  Kh8
26. Rf7  Ra7  27. Rxa7
Qxa7  28. Qxe4  Bf6
29. Qxe6  Qg7  30. Qh3
Be5  31. Nh5  Qg5
32. f4  Bxf4  33. exf4
Qc5+  34. Kh1  1-0

[Event "MCR mladeze 2019 - H12"]
[Site "Kouty nad Desnou"]
[Date "2019.03.15"]
[Round "8"]
[White "Simunek, Jakub Simon"]
[Black "Soucek, Jan"]
[Result "1-0"]
[WhiteElo "1529"]
[BlackElo "1573"]
[EventDate "2019.03.09"]

1. d4  d5  2. c4  c6
3. Nf3  dxc4  4. a4
e6  5. e3 b5  6. axb5
cxb5 7. b3  a5  8. bxc4
b4  9. Ne5  Bd6 10. Nxf7
Kxf7  11. Qf3+  Nf6
12. Qxa8  Rf8  13. Qxa5
Bc7 14. Qxb4  Nc6  15. Qb2
Kg8  16. Bd2 Ne4 17. g3  Nxf2
18. Rg1  Qf6  19. Bc3
Qh6  20. Qe2  Bb7
21. d5 exd5  22. cxd5  Ne5
23. Bxe5  Bxe5  24. Ra5
Qb6  25. Rb5  Qc7
26. Qc4  Qf7  27. d6
Ba6  28. Qxf7+  Kxf7
29. Rxe5  Bd3  30. Re7+
Kg8  31. Bxd3  Nxd3+
32. Kd2  1-0

[Event "MCR mladeze 2019 - H12"]
[Site "Kouty nad Desnou"]
[Date "2019.03.15"]
[Round "8"]
[White "Vilimek, Vit"]
[Black "Day, Tobias"]
[Result "1-0"]
[WhiteElo "1469"]
[BlackElo "1440"]
[EventDate "2019.03.09"]

1. e4  c5  2. b4  cxb4 3. a3 d5
4. exd5  Qxd5  5. Nf3
e5  6. c4  Qd8
7. Bb2  e4  8. Ne5  bxa3
9. Nxa3  Nc6  10. Nb5
Nf6  11. Qc2  Be7
12. Nxc6  bxc6  13. Bxf6
Bxf6  14. Qxe4+  Qe7
15. Nd6+  Kd7  16. Qxe7+
Kxe7  17. Nxc8+  Rhxc8
18. Ra6  c5  19. Bd3
h6  20. Be4  Rab8
21. Rxa7+  Kf8  22. O-O
Re8  23. d3  Bd4
24. g3  Re7  25. Ra5
g6  26. g4  Rb2
27. Ra6  Kg7  28. h3  Rd2
29. Ra3  Kf6  30. Kg2
Kg5  31. Kg3  f5
32. Ra6  h5  33. h4+
Kh6  34. gxf5  Kh7
35. fxg6+  Kg7  36. f4
Bf6  37. f5  Rc7
38. Rb1  Be5+  39. Kf3
Rh2  40. Rbb6  Rxh4
41. f6+  Kh6  42. g7
Rc8  43. Bd5  Rf4+
44. Ke2  h4  45. g8=Q
Rxg8  46. Bxg8  h3
47. f7+  Kg5  48. Rg6+
Kh4  49. Rgf6  Bxf6
50. f8=Q  Bg5  51. Qxc5
h2  52. Rg6  Rg4
53. Qf2+  Kh3  54. Rxg5
Rxg5  55. Be6+  1-0

[Event "MCR mladeze 2019 - H12"]
[Site "Kouty nad Desnou"]
[Date "2019.03.15"]
[Round "8"]
[White "Kanak, Matyas"]
[Black "Kopecky, Matej"]
[Result "1/2-1/2"]
[WhiteElo "1425"]
[BlackElo "1321"]
[EventDate "2019.03.09"]

1. e4  c6  2. Nc3  d5
3. Nf3 dxe4  4. Nxe4  Bg4
5. h3  Bh5  6. c3
Nd7  7. d4  Ngf6
8. Nxf6+  Nxf6  9. Bd3
e6  10. Bd2  Bd6
11. Qe2  Nd5  12. a3
Bf4  13. O-O-O  Bxd2+
14. Qxd2  Bxf3  15. gxf3
Qf6  16. Rdg1  Qxf3
17. Qc2  g6  18. Be4
Qf4+  19. Kb1  Nf6
20. f3  Nxe4  1/2-1/2

[Event "MCR mladeze 2019 - H14"]
[Site "Kouty nad Desnou"]
[Date "2019.03.15"]
[Round "8"]
[White "Jun, Rudolf"]
[Black "Neumann, Filip"]
[Result "1-0"]
[WhiteElo "2033"]
[BlackElo "1897"]
[EventDate "2019.03.09"]

1. e4  c5  2. Nf3  Nc6
3. Bb5  g6  4. O-O
Bg7  5. Re1  Nd4
6. Nxd4  cxd4  7. e5
a6  8. Bf1  Nh6
9. c3  dxc3  10. bxc3  O-O
11. d4  Re8  12. Ba3
Bf8  13. Nd2  d6
14. exd6  e6  15. Qf3
Nf5  16. Ne4  Kg7
17. Rad1  Nxd6  18. Bxd6
Bxd6  19. Nxd6  Qxd6
20. c4  Rb8  21. c5
Qd8  22. d5  Qf6
23. Qxf6+ Kxf6  24. d6  Bd7
25. Rb1  Rec8  26. Rec1
Ke5  27. g3  a5
28. f4+  Kd5  29. Bg2+  Kd4
30. Rc2  Kd3  31. Rbc1
Bc6  32. Rc3+  Kd4
33. Rc4+  Ke3  34. R1c3+
Kd2  35. Rc2+  Ke3
36. Bf1  Kf3  37. Be2+
Ke3  38. Kf1  Be4
39. R2c3+  Kd2  40. Rc1
Ke3  41. Ke1  1-0

[Event "MCR mladeze 2019 - H14"]
[Site "Kouty nad Desnou"]
[Date "2019.03.15"]
[Round "8"]
[White "Vantuch, Lucian"]
[Black "Mach, Petr"]
[Result "0-1"]
[WhiteElo "1978"]
[BlackElo "1974"]
[EventDate "2019.03.09"]

1. e4  e6  2. d4  d5
3. Nd2  c5  4. c3
cxd4  5. cxd4  dxe4
6. Nxe4  Nf6  7. Bd3
Bd7  8. Nf3  Nxe4
9. Bxe4  Bc6  10. Bxc6+
Nxc6  11. O-O  Be7
12. b3  O-O  13. Bb2
Qd5  14. Qe2  Rac8
15. Rfd1  Nb4  16. Rd2
Qf5  17. a3  Nd5
18. Ne5  Rfd8  19. Rf1
Nc3  20. Bxc3  Rxc3
21. Qb5  Qe4  22. Qa4
Qf4  23. Rfd1  Qxd2 0-1

[Event "MCR mladeze 2019 - H14"]
[Site "Kouty nad Desnou"]
[Date "2019.03.15"]
[Round "8"]
[White "Kusa, Jakub"]
[Black "Gnojek, Petr"]
[Result "1/2-1/2"]
[WhiteElo "1912"]
[BlackElo "2147"]
[EventDate "2019.03.09"]

1. Nf3  d6  2. d4  g6
3. Nc3  Bg7  4. e4
Nf6  5. Bc4  O-O
6. O-O  Nc6  7. Re1
Bg4  8. Be2  Nd7
9. Be3  e5  10. dxe5
Bxf3  11. Bxf3  Ncxe5
12. Be2  Nb6  13. Rb1
Nbc4  14. Bxc4  Nxc4
15. Bd4  Be5  16. Bxe5
dxe5  17. Qe2  Nb6
18. Rbd1  Qg5  19. Nd5
Nxd5  20. Rxd5  Rad8
21. Rxd8  Rxd8  22. Rd1
c6  23. g3  Qe7
24. c3  b5  25. Rxd8+  Qxd8
26. Qe3  Qd1+  27. Kg2
Qc2  28. Qxa7  Qxe4+
29. Kg1  Kg7  30. Qe7
h5  31. h4  Qd5
32. a3  c5  33. Kh2  c4
34. Kg1  Qe4  35. Kf1
Qh1+  36. Ke2  Qd5
37. Kf1  Qd3+  38. Kg1
Qf5  39. Qc5  e4
40. Qd4+  Kh7  41. Qa7
g5  42. hxg5  Kg6
43. Qe7  h4  44. gxh4
Qg4+  45. Kf1  Qd1+
46. Kg2  Qf3+  47. Kg1
Kh5  48. g6  Qg4+
49. Kf1  Kxg6  50. h5+
Kxh5  51. Qxf7+  Kg5
52. Qg7+  Kf5  53. Qd7+
Kf4  54. Qd2+  Kf5
55. Qd5+  Kf4  56. Qf7+
Kg5  57. Qe7+  Kf5
58. Qc5+  Kf4  59. Qe3+
Kf5  60. Ke1  Qg1+
61. Ke2  Qb1  62. Qd2
Kg4  63. Ke3  Qd3+
64. Qxd3  exd3  65. b3
cxb3  66. Kxd3  Kf3
67. Kd2  Kxf2  68. Kc1
Ke3  69. Kb2  Ke4
70. Kxb3  Kd5  71. Kb4
Kc6  72. Ka5  Kc5
73. Ka6  Kc6  1/2-1/2

[Event "MCR mladeze 2019 - H14"]
[Site "Kouty nad Desnou"]
[Date "2019.03.15"]
[Round "8"]
[White "Stalmach, Richard"]
[Black "Vojta, Jakub"]
[Result "0-1"]
[WhiteElo "2117"]
[BlackElo "2125"]
[EventDate "2019.03.09"]

1. d4  d5  2. c4  Nc6
3. cxd5  Qxd5  4. e3
e5  5. Nc3  Bb4
6. a3  Bxc3+  7. bxc3  Bf5
8. c4  Qd7  9. d5
Nb8  10. Bb2  Qe7
11. Ne2  Nd7  12. Ng3
Bg6  13. Be2  f5
14. h4  f4  15. Nf1
Nc5  16. h5  Bf5
17. g4  Bd7  18. exf4
exf4  19. h6  Nxh6
20. Rxh6  Bxg4  21. Re6
Bxe6  22. dxe6  Rd8
23. Bh5+  g6  24. Bxh8
Rxd1+  25. Bxd1  Qxe6+
26. Kd2  Qxc4  27. Bc2
Nb3+  28. Bxb3  Qxb3
29. Bc3  Kd7  30. a4
h5  31. a5  a6
32. Re1  Qa2+  33. Kd3  Qxf2
34. Rd1  h4  35. Nd2
Ke6  36. Rf1  Qe3+
37. Kc2  Kf5  38. Rf3
Qe2  39. Kc1  g5
40. Rf1  h3  0-1

[Event "MCR mladeze 2019 - H14"]
[Site "Kouty nad Desnou"]
[Date "2019.03.15"]
[Round "8"]
[White "Nguyen, Thai Dai Vinh"]
[Black "Babula, Vlastimil"]
[Result "0-1"]
[WhiteElo "1936"]
[BlackElo "2040"]
[EventDate "2019.03.09"]

1. e4  c5  2. Nf3  d6
3. d4  cxd4  4. Nxd4
Nf6  5. Nc3  a6
6. Be3  e6  7. g4  b5
8. g5  Nfd7  9. a3
Bb7  10. h4  Nb6
11. Qh5  g6  12. Qg4
Bg7  13. O-O-O  N8d7
14. Nxe6  fxe6  15. Rxd6
Nc8  16. Rxe6+  Ne7
17. Nxb5  axb5  18. Bxb5
O-O  19. Rd6  Qa5
20. Bc4+  Kh8  21. Qxd7
Bxb2+  22. Kb1  Qxa3
23. Ra6  Qb4  24. Bc5
Qxc5  25. Rxa8  Rxa8
26. Qxb7  Ra1+  0-1

[Event "MCR mladeze 2019 - H14"]
[Site "Kouty nad Desnou"]
[Date "2019.03.15"]
[Round "8"]
[White "Rokos, Filip"]
[Black "Hrbek, Stepan"]
[Result "0-1"]
[WhiteElo "1848"]
[BlackElo "1994"]
[EventDate "2019.03.09"]

1. e4  c5  2. Nf3  d6
3. d4  cxd4  4. Nxd4
Nf6  5. Nc3  Nc6
6. Bc4  Bd7  7. Be3
g6  8. f3  Bg7
9. Qd2  O-O  10. O-O-O  Rc8
11. Bb3  Nxd4  12. Bxd4
b5  13. g4  b4
14. Nd5  Nxd5  15. Bxg7  Kxg7
16. Bxd5  a5  17. Kb1
Qc7  18. e5  dxe5
19. h4  Bc6  20. Bxc6
Qxc6  21. h5  Rfd8
22. Qe2  Rxd1+  23. Rxd1
e4  24. fxe4  Qc4
25. Qd2  h6  26. hxg6
fxg6  27. Rh1  g5
28. Qh2  Qe6  29. Qe2
Rc4  30. Re1  Qc6
31. Qd3  Qe6  32. Qf3
Qf6  33. Qe2  Rd4
34. Rf1  Rxe4  35. Qg2
Rxg4  36. Qe2  Re4
37. Qg2  Qe5  38. c3
Re2  39. Qg1  bxc3
0-1

[Event "MCR mladeze 2019 - H14"]
[Site "Kouty nad Desnou"]
[Date "2019.03.15"]
[Round "8"]
[White "Ret, Adam Josef"]
[Black "Frank, Adam"]
[Result "0-1"]
[WhiteElo "1888"]
[BlackElo "2087"]
[EventDate "2019.03.09"]

1. d4  d6  2. e4  Nf6
3. Nc3  g6  4. g3
Bg7  5. Bg2  O-O
6. Nge2  Na6  7. O-O
c5  8. h3  cxd4
9. Nxd4  Nc5  10. Re1  a6
11. a4  e5  12. Nf3
Qc7  13. Bg5  Be6
14. Bxf6  Bxf6  15. Nd5
Bxd5  16. Qxd5  Rfd8
17. Red1  Rac8  18. Kh2
Qb6  19. Ra2  Ne6
20. Rd2  Rc6  21. a5
Qc7  22. c3  Rc5
23. Qb3  Rb5  24. Qd1
Be7  25. Rd5  Qc4
26. Ra4  Qc6  27. Ra2
Kg7  28. Rxb5  Qxb5
29. Bf1  Qc6  30. Qe2
Nc5  31. Nd2  h5
32. Bg2  Bg5  33. Nf1
Nb3  34. Ra3  Nc5
35. Ra1  Qc7  36. Qd1
Rd7  37. Qd5  Qd8
38. Kg1  Rc7  39. Rd1
Rc6  40. f4  exf4
41. e5  fxg3  42. exd6
Ne6  43. Qe5+  Bf6
44. Qxg3  Rc5  45. Rd5
Rxd5  46. Bxd5  Qxa5
47. Bxe6  fxe6  48. Qd3
Qg5+  49. Kf2  Qf5+
50. Qxf5  exf5  51. Nd2
Kf7  52. Nc4  Ke6
53. Na5  b6  54. Nc4
b5  0-1